000 00886nam a22003017a 4500
001 0002167
003 KOHA_MİRAKIL
005 20260207001305.0
007 ta
008 090219b2000 tu |||gr||||#||||0|tur |
020 _a9754868595
040 _aTR-BiSEU
_btur
_cTR-BiSEU
_erda
041 0 _atur
044 _ctu
050 _aHG4026
_b.T63 2000
100 1 _aToroslu, M. Vefa.
245 1 _aÇağdaş finansal teknikler/
_cM. Vefa Toroslu ; M. Vefa Toroslu.
264 1 _aİstanbul :
_bBeta Basım Yayın
_c2000
300 _a134 sayfa; 24 cm.
336 _ametin
_btxt
_2rdacontent
337 _aaracısız
_bn
_2rdamedia
338 _acilt
_bnc
_2rdacarrier
490 1 _aBeta İşletme ve Ekonomi Dizisi ;
_v107.
500 _aKaynakça var.
650 0 _aİşletmeler Finans.
_96459
830 1 _aBeta İşletme ve Ekonomi Dizisi ;
_v107.
_96460
942 _2lcc
_cBK
999 _c2154
_d2154